000
00253nam a2200097Ia 4500
008
220204s9999 xx 000 0 und d
100
_a
Reddin, W J
245
0
_a
Effective management by objectives
260
_a
Bombay
_b
Tata McGraw hill
_c
1971
942
_c
BK
999
_c
22975
_d
22975